=LDR 00000nam 2200000 4500 =001 INLIS000000000029814 =005 20200813071748 =035 ##$$a 0010-061300000029814 =008 200813################g##########0#ind## =041 ##$$a ind =082 ##$$a 2x3.131 =090 ##$$a 2x3.131, JAR p =100 1#$$a Jarman, H.Aspihan =245 1#$$a Panggilan Allah kepada orang-orang beriman, /$c H.Aspihan Djarman =260 ##$$a Jakarta :$b Kalam Mulia,$c 1992 =300 ##$$a x, 260 hlm., 21 cm ; $c 14x20 cm =650 #4$$a Aqidah Islam =850 ##$$a NBPNMAT =084 ##$$a 2x3.131 JAR p =250 ##$$a cet.1 =990 ##$$a 00055036